00578nam a22001337a 4500008004100000020001500041050002600056245024400082260003500326300002600361440001600387700002000403700002100423140904b xxu||||| |||| 00| 0 eng d a0406850097 aKD288.A64(1938 vol 1) aThe All England Law Reports annotated of cases decided in the house of lords: The privy council, all divisions of the supreme court and courts of special jurisdiction. 1938 Vol 1. /cedited by W. J. Williams and assisted by Roland Burrows. aLondon:bReed Elsevier,c1938. axxviii, 818p.:c24cm. vVol 1(1938) aWilliams, W. J. aBurrows, Roland.